LEADER 01377nam a2200301 a 4500 001 000000157943 003 CaOOAMICUS 005 20170119112453.0 008 170119s1996 it u000 u eng r 032 $aLibriCat 040 $aPUL$bita 082 04$a241 100 1 $aOwens, Joseph,$d1908-$0(OLS)http://pul/name/44458 245 10$aSome philosophical issues in moral matters :$bthe collected ethical writings of Joseph Owens /$cedited by Dennis J. Billy, Terence Kennedy. 260 $aRoma :$bEditiones Academiae Alfonsianae,$c1996. 300 $a500 p. ;$c24 cm. 490 1 $aQuaestiones morales ;$v08 650 4$aFilosofia morale.$0(OLS)http://pul/subject/560 700 1 $aKennedy, Terence.$0(OLS)http://pul/name/16936 700 1 $aBilly, Dennis J.$0(OLS)http://pul/name/99296 830 0$aQuaestiones morales / Accademia Alfonsiana ;$v08.$0(OLS)http://pul/title/27298 850 $aPUL 852 $aPUL$W1$xSL Religione 3$y85$m241 COLL 2.8$j181275$qDDC 21$B184409$CPULBib$Z2$F184409 $H128635 $81 941 1 $a9 996 $6082$a241$9(OLS)http://pul/classification/246 996 $6245$aSome philosophical issues in moral matters :$bthe collected ethical writings of Joseph Owens$9(OLS)http://pul/title/197532 996 $6260$aRoma :$bEditiones Academiae Alfonsianae$9(OLS)http://pul/publisher/82247 LEADER 01959nam a2200421 a 4500 001 000000176193 003 CaOOAMICUS 005 20230925113343.0 008 230925s2022 it 001 u ita r 020 $a978-88-13-37936-0* 032 $aLibriCat 040 $aPUL$bita 084 $a346.45002 110 1 $aItalia.$0(OLS)http://pul/name/1188 240 10$aCodice civile (2022).$0(OLS)http://pul/title/217685 245 00$aCommentario breve al Codice Civile /$cGiorgio Cian, Alberto Trabucchi ; con la collaborazione di Chiara Abatangelo ... [et al.] ; e inoltre di Giorgio Bolego ... [et al.]. 250 $a15.ed. 260 $aPadova :$bCEDAM ;$aMilano :$bWolters Kluwer,$cİ2022. 300 $aXXVII, 4064 p. ,+1 fascicolo (8 p.);$c25 cm 490 1 $aBreviaria iuris ;$a1 500 $aTitolo del fascicolo: Aggiornamento al D.lgs. 10 ottobre, n. 149 Riforma Cartabia. 500 $aTesto su due colonne. 500 $aComprende indici. 610 14$aItalia.$tCodice civile.$0(OLS)http://pul/subject/33991 700 1 $aCian, Giorgio,$d1935-2022.$0(OLS)http://pul/name/10130 700 1 $aTrabucchi, Alberto,$d1907-1998.$0(OLS)http://pul/name/10131 700 1 $aBolego, Giorgio.$0(OLS)http://pul/name/81699 700 1 $aAbatangelo, Chiara,$d1975-$0(OLS)http://pul/name/67669 830 0$aBreviaria Iuris ;$v1.$0(OLS)http://pul/title/8521 850 $aPUL 852 $aPUL$W1$xDP2 Diritto e Scienze Sociali 3$y110$m348. 45 COD 1.1.95$j200353$qDDC 21$B205136$CPULBib$Z2$F205136 $H136485 $82 941 1 $a9 996 $6020$a978-88-13-37936-0*$9(OLS)http://pul/number/169377 996 $6084$a346.45002$9(OLS)http://pul/classification/3310 996 $6245$aCommentario breve al Codice Civile$9(OLS)http://pul/title/15037 996 $6260$aPadova :$bCEDAM$9(OLS)http://pul/publisher/48126 996 $6260$aMilano :$bWolters Kluwer$9(OLS)http://pul/publisher/87159